000 00627nam a2200205 i 4500
001 76025
003 ES-MaACL
005 20230906172708.0
007 t|
008 040928s1977 sp |||| | spa d
100 1 _aGuardini, Romano.
_960319
245 1 3 _aEl poder
_b: un intento de orientación /
_cRomano Guardini ; [lo tradujo, Andrés Pedro Sánchez Pascual].
250 _a2ª ed.
260 _aMadrid :
_bCristiandad,
_c1977.
300 _a124 p. ;
_c18 cm.
650 0 4 _aPoder.
_916144
650 _aCivilización-
_xFilosofía.
_911081
700 1 _aSánchez Pascual, Andrés.
_9102833
852 _aES-MaACL
_jA-8134
999 _c76025
_d76025